|
|
|
|
| LEADER |
00000cam a2200000 i 4500 |
| 001 |
1/90835 |
| 008 |
991004m19681971 gre d |
| 035 |
|
|
|l 10053291
|
| 040 |
|
|
|a GR-MY-UA
|b gre
|e aacr
|
| 041 |
0 |
|
|a gre
|
| 082 |
0 |
|
|a 370.938
|
| 100 |
1 |
|
|a Jaeger, Werner,
|d 1888-1961.
|
| 245 |
1 |
0 |
|a Παιδεία :
|b η μόρφωσις του έλληνος ανθρώπου /
|c Werner Jaeger ; μετάφρασις Γεωργίου Π. Βερροίου ; πρόλογος Παναγιώτου Ι. Μπρατσιώτου
|
| 250 |
|
|
|a 3η έκδ.
|
| 260 |
|
|
|a Αθήναι :
|b Παιδεία,
|c 1968-1971
|
| 300 |
|
|
|a 3 τ.
|
| 500 |
|
|
|a τ.1. 4η έκδ.
|
| 505 |
0 |
|
|a Τ.1. Η πρώϊμος ελληνική περίοδος. - τ.2. Ο αιών των μεγάλων παιδαγωγών και παιδαγωγικών συστημάτων. - τ.3. Ο αιών των μεγάλων παιδαγωγών και παιδαγωγικών συστημάτων
|
| 650 |
0 |
0 |
|a Education, Greek
|x History.
|
| 650 |
0 |
0 |
|a Greek literature
|x History and criticism.
|
| 651 |
|
0 |
|a Greece
|x Civilization
|y To 146 B.C.
|
| 700 |
1 |
|
|a Βερροίου, Γεώργιος Π.
|4 trl
|
| 852 |
|
|
|a INST
|b RHODES
|e 19991005
|h 370.938 JAE
|p 005400006715
|q 005400006715
|t BK
|y 0
|z τ.1
|
| 852 |
|
|
|a INST
|b RHODES
|e 19991005
|h 370.938 JAE
|p 005400006716
|q 005400006716
|t BK
|y 0
|z τ.1
|
| 852 |
|
|
|a INST
|b RHODES
|e 19991005
|h 370.938 JAE
|p 005400006717
|q 005400006717
|t BK
|y 0
|z τ.1
|
| 852 |
|
|
|a INST
|b RHODES
|e 19991005
|h 370.938 JAE
|p 005400006718
|q 005400006718
|t BK
|y 0
|z τ.1
|
| 852 |
|
|
|a INST
|b RHODES
|e 19991005
|h 370.938 JAE
|p 005400006719
|q 005400006719
|t BK
|y 0
|z τ.1
|
| 852 |
|
|
|a INST
|b RHODES
|e 19991005
|h 370.938 JAE
|p 005400006720
|q 005400006720
|t BK
|y 0
|z τ.1
|
| 852 |
|
|
|a INST
|b RHODES
|e 19991004
|h 370.938 JAE
|p 005400006721
|q 005400006721
|t BK
|y 0
|z τ.1
|
| 852 |
|
|
|a INST
|b RHODES
|e 19991005
|h 370.938 JAE
|p 005400006722
|q 005400006722
|t BK
|y 0
|z τ.2
|
| 852 |
|
|
|a INST
|b RHODES
|e 19991005
|h 370.938 JAE
|p 005400006723
|q 005400006723
|t BK
|y 0
|z τ.1
|
| 852 |
|
|
|a INST
|b RHODES
|e 19991005
|h 370.938 JAE
|p 005400006724
|q 005400006724
|t BK
|y 0
|z τ.2
|
| 852 |
|
|
|a INST
|b RHODES
|e 19991005
|h 370.938 JAE
|p 005400006725
|q 005400006725
|t BK
|y 0
|z τ.2
|
| 852 |
|
|
|a INST
|b RHODES
|e 19991005
|h 370.938 JAE
|p 005400006726
|q 005400006726
|t BK
|y 0
|z τ.2
|
| 852 |
|
|
|a INST
|b RHODES
|e 19991005
|h 370.938 JAE
|p 005400006727
|q 005400006727
|t BK
|y 0
|z τ.1
|
| 852 |
|
|
|a INST
|b RHODES
|e 19991005
|h 370.938 JAE
|p 005400006728
|q 005400006728
|t BK
|y 0
|z τ.1
|
| 852 |
|
|
|a INST
|b RHODES
|e 19991005
|h 370.938 JAE
|p 005400006729
|q 005400006729
|t BK
|y 0
|z τ.2
|
| 852 |
|
|
|a INST
|b RHODES
|e 19991005
|h 370.938 JAE
|p 005400006730
|q 005400006730
|t BK
|y 0
|z τ.2
|
| 852 |
|
|
|a INST
|b RHODES
|e 19991005
|h 370.938 JAE
|p 005400006731
|q 005400006731
|t BK
|y 0
|z τ.2
|
| 852 |
|
|
|a INST
|b RHODES
|e 19991005
|h 370.938 JAE
|p 005400006732
|q 005400006732
|t BK
|y 0
|z τ.2
|
| 852 |
|
|
|a INST
|b RHODES
|e 19991005
|h 370.938 JAE
|p 005400006733
|q 005400006733
|t BK
|y 0
|z τ.2
|
| 852 |
|
|
|a INST
|b RHODES
|e 19991005
|h 370.938 JAE
|p 005400006734
|q 005400006734
|t BK
|y 0
|z τ.2
|
| 852 |
|
|
|a INST
|b RHODES
|e 20030613
|h 370.938 JAE
|p 005400020270
|q 005400020270
|t BK
|y 0
|z ???
|
| 852 |
|
|
|a INST
|b RHODES
|e 20030603
|h 370.938 JAE
|p 005400020617
|q 005400020617
|t BK
|y 0
|z τ.1
|
| 852 |
|
|
|a INST
|b RHODES
|e 19991005
|h 370.938 JAE
|p 005400006715
|q 005400006715
|t BK
|v τ.1:
|y 0
|z τ.1
|
| 852 |
|
|
|a INST
|b RHODES
|e 19991005
|h 370.938 JAE
|p 005400006716
|q 005400006716
|t BK
|v τ.1:
|y 0
|z τ.1
|
| 852 |
|
|
|a INST
|b RHODES
|e 19991005
|h 370.938 JAE
|p 005400006717
|q 005400006717
|t BK
|v τ.1:
|y 0
|z τ.1
|
| 852 |
|
|
|a INST
|b RHODES
|e 19991005
|h 370.938 JAE
|p 005400006718
|q 005400006718
|t BK
|v τ.1:
|y 0
|z τ.1
|
| 852 |
|
|
|a INST
|b RHODES
|e 19991005
|h 370.938 JAE
|p 005400006719
|q 005400006719
|t BK
|v τ.1:
|y 0
|z τ.1
|
| 852 |
|
|
|a INST
|b RHODES
|e 19991005
|h 370.938 JAE
|p 005400006720
|q 005400006720
|t BK
|v τ.1:
|y 0
|z τ.1
|
| 852 |
|
|
|a INST
|b RHODES
|e 19991004
|h 370.938 JAE
|p 005400006721
|q 005400006721
|t BK
|v τ.1:
|y 0
|z τ.1
|
| 852 |
|
|
|a INST
|b RHODES
|e 19991005
|h 370.938 JAE
|p 005400006722
|q 005400006722
|t BK
|v τ.2:
|y 0
|z τ.2
|
| 852 |
|
|
|a INST
|b RHODES
|e 19991005
|h 370.938 JAE
|p 005400006723
|q 005400006723
|t BK
|v τ.1:
|y 0
|z τ.1
|
| 852 |
|
|
|a INST
|b RHODES
|e 19991005
|h 370.938 JAE
|p 005400006724
|q 005400006724
|t BK
|v τ.2:
|y 0
|z τ.2
|
| 852 |
|
|
|a INST
|b RHODES
|e 19991005
|h 370.938 JAE
|p 005400006725
|q 005400006725
|t BK
|v τ.2:
|y 0
|z τ.2
|
| 852 |
|
|
|a INST
|b RHODES
|e 19991005
|h 370.938 JAE
|p 005400006726
|q 005400006726
|t BK
|v τ.2:
|y 0
|z τ.2
|
| 852 |
|
|
|a INST
|b RHODES
|e 19991005
|h 370.938 JAE
|p 005400006727
|q 005400006727
|t BK
|v τ.1:
|y 0
|z τ.1
|
| 852 |
|
|
|a INST
|b RHODES
|e 19991005
|h 370.938 JAE
|p 005400006728
|q 005400006728
|t BK
|v τ.1:
|y 0
|z τ.1
|
| 852 |
|
|
|a INST
|b RHODES
|e 19991005
|h 370.938 JAE
|p 005400006729
|q 005400006729
|t BK
|v τ.2:
|y 0
|z τ.2
|
| 852 |
|
|
|a INST
|b RHODES
|e 19991005
|h 370.938 JAE
|p 005400006730
|q 005400006730
|t BK
|v τ.2:
|y 0
|z τ.2
|
| 852 |
|
|
|a INST
|b RHODES
|e 19991005
|h 370.938 JAE
|p 005400006731
|q 005400006731
|t BK
|v τ.2:
|y 0
|z τ.2
|
| 852 |
|
|
|a INST
|b RHODES
|e 19991005
|h 370.938 JAE
|p 005400006732
|q 005400006732
|t BK
|v τ.2:
|y 0
|z τ.2
|
| 852 |
|
|
|a INST
|b RHODES
|e 19991005
|h 370.938 JAE
|p 005400006733
|q 005400006733
|t BK
|v τ.2:
|y 0
|z τ.2
|
| 852 |
|
|
|a INST
|b RHODES
|e 19991005
|h 370.938 JAE
|p 005400006734
|q 005400006734
|t BK
|v τ.2:
|y 0
|z τ.2
|
| 852 |
|
|
|a INST
|b RHODES
|e 20030613
|h 370.938 JAE
|p 005400020270
|q 005400020270
|t BK
|v τ.2:
|y 0
|z ???
|
| 852 |
|
|
|a INST
|b RHODES
|e 20030603
|h 370.938 JAE
|p 005400020617
|q 005400020617
|t BK
|v τ.1:
|y 0
|z τ.1
|
| 852 |
|
|
|a INST
|b RHODES
|c KRI
|e 20050608
|h 370.938 JAE
|p 005400023303
|q 005400023303
|t BK
|v τ.3:
|y 0
|z τ.3
|
| 852 |
|
|
|a INST
|b RHODES
|c KRI
|e 20050608
|h 370.938 JAE
|p 005400023304
|q 005400023304
|t BK
|v τ.1:
|y 0
|z τ.1
|
| 852 |
|
|
|a INST
|b RHODES
|c KRI
|e 20050608
|h 370.938 JAE
|p 005400023305
|q 005400023305
|t BK
|v τ.2:
|y 0
|z τ.2
|
| 853 |
|
|
|a INST
|b RHODES
|h 370.938 JAE
|
| 853 |
|
|
|a INST
|b RHODES
|c KRI
|h 370.938 JAE
|
| 901 |
|
|
|a BIBL4-2005-2
|
| 922 |
|
|
|a 4ΕΛΗ
|b 199701
|c ΔΩΡΕΑ
|
| 970 |
|
|
|a ΧΟΡΟΖΙΔΟΥ
|b ΤΖΕΝΗ
|z 1999/10/04
|